Deskriptívna geometria 2

Bibliographic Details
Main Author: Palajová, Helena (Author)
Format: Book
Language:Slovak
PhysicalDescription:243 s., 26,722, 27,078 VH Sch., lit. 15 zázn. v češ. a slov. 29 cm
Published: Zvolen Technická univerzita 1993
ISBN:8022802204
Edition:1. vyd.
Subjects:

MARC

LEADER 00000nam a2200000 a 4500
001 vtls001070718
003 SK-MaSNL
005 20260301193458.0
008 250414s1993 xo slo
015 |a SNBA1993/03 
020 |a 8022802204 
035 |a SNK000013549 
035 |a urn:nbn:sk:snk-amlhpb 
035 |a urn:nbn:sk:snk-am00bpu2 
035 |a 238DB3AD-1A4B-4CFE-96D1-AD4A1D45AE36 
040 |a SNK  |b slo  |c SNK  |e AACR2 
041 0 |a slo 
044 |a xo  |c SK 
080 |a 514.18(075.8)  |2 1981 
100 1 |a Palajová, Helena  |4 aut  |9 12704 
245 1 0 |a Deskriptívna geometria 2  |c Helena Palajová 
250 |a 1. vyd. 
260 |a Zvolen  |b Technická univerzita  |c 1993  |e Zvolen  |f Edičné stredisko TU 
300 |a 243 s., 26,722, 27,078 VH  |b Sch., lit. 15 zázn. v češ. a slov.  |c 29 cm 
366 |e 100 výt. 
500 |a Schválil rektor TU vo Zvolene ako skriptá 
655 7 |a učebnice vysokých škôl  |2 SNKPH  |9 70191 
852 |a Slovenská národná knižnica 
919 |a 80-228-0220-4 
954 |a geometria deskriptívna 
958 |a TL 
958 |a UV 
958 |a NB 
958 |a OND 
999 |c 877486  |d 879416 
952 |t P60, <04>, [BOOK], {604}  |a SNK  |b SNK  |y VYP  |7 0  |p 17A0101672  |o snkSB 50649/2 D1  |0 0  |1 0  |4 0  |d 1997-10-04  |l 0  |r 2004-12-31 00:00:00  |w 2026-02-24 
952 |a SNK  |b SNK  |y PREZ  |7 0  |p 17A0804895  |o snkSB 50649/2  |0 0  |1 0  |4 0  |d 2012-07-16  |f 1  |l 0  |r 2026-02-24 06:03:55  |w 2026-02-24